Productividad y estructura industrial (Record no. 120799)

MARC details
000 -LEADER
campo de control de longitud fija 00913nam a2200229 4500
001 - NÚMERO DE CONTROL
campo de control 120799
003 - IDENTIFICADOR DE NÚMERO DE CONTROL
campo de control ES-MaACL
005 - FECHA Y HORA DE LA ÚLTIMA TRANSACCIÓN
campo de control 20230906191626.0
007 - CAMPO FIJO DE DESCRIPCIÓN FÍSICA--INFORMACIÓN GENERAL
campo de control de longitud fija t|
008 - DATOS DE LONGITUD FIJA--INFORMACIÓN GENERAL
campo de control de longitud fija 070214s1985 sp r ||||1| spa d
100 1# - ENTRADA PRINCIPAL--NOMBRE DE PERSONA
Nombre de persona Prais, S. J.
9 (RLIN) 93648
245 10 - MENCIÓN DEL TÍTULO
Título Productividad y estructura industrial
Resto del título : un estudio estadístico de la industria manufacturera de Gran Bretaña, Alemania y Estados Unidos /
Mención de responsabilidad, etc. S. J. Prais ; con la colaboración de Anne Daly [et al.] ; [traducción Gonzalo Rodríguez Prada].
260 ## - PUBLICACIÓN, DISTRIBUCIÓN, ETC.
Lugar de publicación, distribución, etc. Madrid :
Nombre del editor, distribuidor, etc. Ministerio de Trabajo y Seguridad Social,
Fecha de publicación, distribución, etc. 1985.
300 ## - DESCRIPCIÓN FÍSICA
Extensión 514 p. ;
Dimensiones 23 cm.
490 1# - MENCIÓN DE SERIE
Mención de serie Economía del trabajo
700 1# - ENTRADA AGREGADA--NOMBRE PERSONAL
Nombre de persona Daly, Anne.
9 (RLIN) 42545
700 1# - ENTRADA AGREGADA--NOMBRE PERSONAL
Nombre de persona Rodríguez Prada, Gonzalo.
9 (RLIN) 98744
710 1# - ENTRADA AGREGADA--NOMBRE DE ENTIDAD CORPORATIVA
Nombre de entidad corporativa o nombre de jurisdicción como elemento de entrada España.
Unidad subordinada Ministerio de Trabajo y Seguridad Social.
9 (RLIN) 3936
830 0# - PUNTO DE ACCESO ADICIONAL DE SERIE-TÍTULO UNIFORME
Título uniforme Economía del trabajo
9 (RLIN) 182912
852 ## - LOCALIZACIÓN
Ubicación ES-MaACL
Número de control de estantería L-8945
Sublocalización o colección R.110560
Holdings
Estatus retirado Estado de pérdida Estado de daño No para préstamo Biblioteca de origen Biblioteca actual Ubicación en estantería Fecha de adquisición Fuente de adquisición Total de préstamos Signatura topográfica completa Código de barras Visto por última vez Precio de reemplazo Tipo de ítem Koha
        Biblioteca del Ateneo de Madrid Biblioteca del Ateneo de Madrid Depósito 2 17/01/2008     L-8945 1125907 23/02/2023 23/02/2023 Libro impreso